000 00824nam a22002297a 4500
999 _c11433
_d11433
003 AR-CdUCM
008 190404b ||||| |||| 00| 0 spa d
040 _aMUNICIPALIDAD PROVINCIAL DEL CUSCO
_cBIBLIOTECA MUNICIPAL DEL CUSCO
082 _aES / 036 /
_bL13
100 _aLacre, Michel
_928791
245 _aHistoria de los hombres /
260 _aBuenos Aires :
_bEl Ateneo,
300 _a63 paginas ;
_bilustraciones, graficos, dibujos,
_c34 cm.
440 _aEnciclopedia Juvenil
_n6
_928792
505 _aContenido: la prehistoria -- la historia comienza en oriente -- los griegos -- orden y el orden romano -- las grandes invasiones...
650 _aHistoria
_9136
650 _aLiteratura
_983
650 _aTexto de enseƱanza
_915571
700 _aLeroy, Pierre
_928793
942 _2ddc
_cLIBROS
945 _apjha